Statistiques concernant Le vocabulaire du Poker

Cliquez ici pour prendre le quiz!

Statistiques générales

  • Ce quiz a été pris 328 fois
  • Le résultat moyen est 19 sur 32

Statistiques - réponses

HintRéponse% Correct
Trois cartes de même valeurBrelan
97%
Cinq cartes qui se suiventQuinte / Suite
97%
Deux cartes de même valeurPaire
96%
5 cartes de la même couleurCouleur
95%
Quatre cartes de la même valeurCarré
94%
Cinq cartes qui se suivent et de la même couleurQuinte flush
94%
Une quinte flush comprenant un AsQuinte flush royale
86%
Parier l'intégralité de ses jetonsTapis / All In
84%
Parier la même somme que le joueur précédentSuivre / Call
80%
Tromper son adversaire, la base du PokerBluff
79%
Abandonner la mancheSe coucher / Fold
79%
Celui qui distribue les cartesCroupier
71%
Petite mise de départPetite Blinde / Small Blind
71%
Grande mise de départGrosse Blinde / Big Blind
70%
Parier une somme supérieure à celle du joueur précédentRelancer / Raise
70%
La carte ayant la valeur la plus élevéeCarte Haute
69%
Se maintenir dans la partie sans miserCheck
68%
Parier un certain nombre de ses jetonsMiser / Bet
67%
Ne laisser transparaitre aucune émotionPoker Face
61%
Les cartes d'un joueurMain / Hand
56%
Un mauvais joueurFish
47%
Les cartes communes à tous les joueursFlop
44%
Ce qu'on miseJetons / Chips
42%
Un bon joueurShark
28%
La main la plus forte possible dans la situation actuelleNuts
25%
Un joueur ruinéBroke
22%
Le paquet de cartesDeck
22%
Un joueur qui suit toutes les misesCalling Station
21%
Les cartes les plus fortes (10, V, D, R, As)Broadway
9%
Les cartes les plus faibles (2, 3, 4, 5)Babies
3%
Un mauvais joueur qui gagne par chanceDonk
3%
Un joueur qui se met à jouer n'importe commentCarnaval
2%

Distribution des résultats

Percentile par nombre de réponses

% des personnes avec chaque résultat

Votre développement - résultats

Vous n’avez pas pris ce quiz